000 00991nam a2200265Ia 4500
003 OSt
005 20220923211200.0
006 a|||||r|||| 00| 0
007 ta
008 220922b |||||||| |||| 00| 0 hin d
020 _a818846628X (hbk)
_c212.5
024 _a245,684
037 _bIN-01144, 16/02/2011, Kitab Ghar Prakashan
_cTextual
040 _aARTS
_cARTS
_bhin
041 _2hin
_ahin
082 _aO152,1I43x, P4
100 _aरैदास; गोविंद रजनीश, संपा.
_9159252
245 0 _aरैदास रचनावली
246 _aRaidās rachanāvalī
260 _aदिल्ली
_b अमरसत्य प्रकाशन
_c2004
300 _a171पृ.
_ccm.
650 _aहिन्दी साहित्य
_9156264
942 _hO152,1I43x, P4
_cTEXL
_2CC
999 _c296459
_d296459